000
00223nam a22000857a 4500
008
131031b xxu||||| |||| 00| 0 eng d
020
_c
available
082
_2
2nd Ed
245
_a
Discrete Mathematics with Applications
_c
Susanna S Epp
999
_c
23461
_d
23461